000 00445nam a2200169 i 4500
001 bg
100 1 _aRESTENES, Magnus R.
245 0 _aOptimization Theory :
_bThe Finite Dimensional Case /
_cMagnus R. Resstenes.
260 _aNew York :
_bJohn Wiley and Sons,
_c1975.
020 _a0471374717
040 _cBPK
041 _apol
080 _a519.85
920 _a0-471-37471-7
942 _cKS
008 s pl f |000 0 pol
999 _c17714
_d17714
856 _uhttp://koha.tu.koszalin.pl/cgi-bin/koha/opac-detail.pl?biblionumber=17714
_yKatalog online BPK